Most Common 3-Letter Words: '_O_' Quiz Stats

 Plays Quiz Updated Aug 30, 2016

Challenge
Share
Tweet
Embed
Score 0/30 Timer 03:00
1 Play Today
Rank Word % Correct
3NOT
68.1%
13HOT
66.8%
21POT
65.1%
7LOT
64.9%
1FOR
55.7%
12TOP
53%
25COW
51.1%
4NOW
50%
5HOW
48.6%
14DOG
48.4%
6TOO
48.1%
11SON
47%
30BOW
46.4%
9LOW
46.1%
20COP
43.7%
Rank Word % Correct
19ROW
43.5%
10BOY
40.1%
23POP
39.1%
29WOW
38.2%
18MOM
36.6%
26GOD
35.7%
28LOG
34%
2YOU
33.9%
27TOE
33.4%
22TOY
32.9%
16NOR
30.6%
8JOB
24.4%
17NOD
24.1%
15BOX
19.1%
24JOY
16.8%

You're not logged in!

Compare scores with friends on all Sporcle quizzes.
Join for Free
OR
Log In

You Might Also Like...

Show Comments

Extras

Top Quizzes Today


Score Distribution

Your Account Isn't Verified!

In order to create a playlist on Sporcle, you need to verify the email address you used during registration. Go to your Sporcle Settings to finish the process.

Report this User

Report this user for behavior that violates our Community Guidelines.

Details: